000 01117cam a2200313 i 4500
001 51802
003 Mx-PuUPA
005 20221206093032.0
008 140415s2005 sp d gr 000 0 spa d
020 _a8495319969
040 _aMX-PuUPA
_bspa
_erda
_cMx-PuUPA
_dMx-PuUPA
041 0 _aspa
100 1 _aBoza Carreño, Ángel,
_eautor
_97852
245 1 4 _aSer profesor, ser tutor :
_borientación educativa para docentes /
_cÁngel Boza Carreño, Manuela Salas Tenorio, Jerónima Ipland García [y otros cuatro].
250 _aSegunda edición /
_boctubre
264 1 _aEspaña :
_bHergué Editorial,
_c2005
300 _a325 páginas :
_bdiagramas, tablas ;
_c24 cm
336 _atexto
_2rdacontent
_btxt
337 _asin medio
_2rdamedia
_bn
338 _avolumen
_2rdacarrier
_bnc
490 0 _aManuales ;
_v6
650 7 _aEvaluación
_xOrientación profesional
_2armarc
650 7 _aProfesores
_2armarc
700 1 _aSalas Tenorio, Manuela,
_eautor
700 1 _aIpland García, Jerónima,
_eautor
942 _2ddc
_cLI
_h370.7
_iB7934
999 _c51802
_d51802